| 000 | 00528nam a22001577a 4500 | ||
|---|---|---|---|
| 999 |
_c527848 _d527848 |
||
| 020 | _qHard Cover. | ||
| 082 | _a621.3678 | ||
| 100 | _aIsmaeel, Ali | ||
| 245 |
_aEstimation of groundwater recharge using Swat Hydro logic model _bA Case Study of Lower Chenab Canal Area / _cIsmaeel Ali. |
||
| 260 |
_aIslamabad: _bIGIS - NUST, _c2013. |
||
| 300 |
_axii, 71 p. : ill. ; _c30cm. |
||
| 942 |
_2ddc _cTHE |
||
| 650 |
_aMS Thesis. _918721 |
||
| 700 |
_aDr. Ejaz Hussain, _919330 |
||